000 00778nam a22002655a 4500
005 20260322212009.0
008 data
010 _a 89080719
020 _a0929690052
020 _a9780929690056
040 _aDLC
_cDLC
_dDLC
043 _an-us-az
050 0 0 _aF811
_b.A84 1989
082 0 0 _aB
_aB
_220
092 _a079.1 A84 1989
245 0 4 _aThe Arizona governors, 1912-1990 /
_cedited by Anna Laura Bennington & John L. Myers.
260 _aPhoenix, Ariz. :
_bHeritage Publishers,
_cc1989.
300 _a206 p. :
_bill. ;
_c29 cm.
504 _aIncludes bibliographical references and index.
650 0 _aGovernors
_zArizona
_xBiography.
651 0 _aArizona
_xPolitics and government.
700 1 _aBennington, Anna Laura.
700 1 _aMyers, John L.
001 data
999 _c184
_d184